000 00722cam a2200217 a 4500
001 13022599
005 20241127143010.0
008 021206s2004 caua b 001 0 eng
020 _a0534606105 (student ed. with InfoTrac College Edition)
020 _a0534606113 (student ed. without InfoTrac College Edition)
050 0 0 _aHM1221
_b.H46 2004
082 0 0 _a659.2
_222
100 1 _aHendrix, Jerry A.
245 1 0 _aPublic relations cases /
_cJerry A. Hendrix.
250 _a6th ed.
260 _aBelmont, CA :
_bWadsworth/Thomson Learning,
_cc2004.
300 _aix, 437 p. :
_bill. ;
_c24 cm.
650 0 _aPublic relations
_zUnited States
_vCase studies.
650 0 _aPublicity
_vCase studies.
942 _2lcc
_cBK
_n0
999 _c1624
_d1624